[Event "KAZ Cup 2019"]
[Site "Almaty"]
[Date "2019.12.12"]
[Round "1.1"]
[White "Khegay, Dmitriy"]
[Black "Kostenko, Petr"]
[Result "1-0"]
[WhiteElo "2504"]
[BlackElo "2467"]
[Annotator "TA"]
[PlyCount "75"]
[EventDate "2019.12.12"]
[EventType "tourn"]
[EventCountry "KAZ"]
[SourceTitle "playchess.com"]
[Source "ChessBase"]
[SourceQuality "1"]

{[%evp 21,89,16,13,20,25,21,30,28,31,20,23,23,18,25,54,62,113,106,115,104,87,99,129,129,131,142,266,136,137,114,119,112,156,161,157,177,134,89,91,91,93,89,132,120,129,160,158,162,237,237,234,153,977,949,962,933,809,261,408,377,351,276,4770,1660,3852,1677,5125,4818,29983,29964]} 1. e4 e6 2. d4 d5 3. e5 c5 4. c3 Nc6 5. Nf3 Qb6 6. a3 Bd7 7. b4 cxd4 8. cxd4 Rc8 9. Be3 Nh6 10. Bd3 Ng4 11. O-O Be7 12. Qe2 {C02: French: Advance Variation} (12. Nbd2 Nxe3 13. fxe3 Nb8 14. Qe2 Ba4 15. h4 Qd8 16. Rac1 O-O 17. g3 Rxc1 18. Rxc1 Qd7 19. Nb1 Rc8 20. Rc3 Qd8 21. g4 g6 {1-0 (54) Kovalenko,I (2674)-Lupulescu,C (2643) Khanty-Mansiysk 2019}) 12... O-O 13. Nbd2 {[%cal Bb1d2,Bd2b3,Bb3c5][%mdl 32]} Nxe3 14. fxe3 {White has an edge.} Be8 $146 ({Predecessor:} 14... f6 15. Nb3 f5 16. Kh1 Qd8 17. Rac1 b6 18. Ba6 Rc7 19. Rc2 Nb8 20. Rxc7 Qxc7 {½-½ (43) Oblamski,V (2142)-Burdalev,K (2296) Minsk 2014}) 15. Nb3 a5 16. b5 a4 17. Nc5 Na7 18. Rab1 h6 (18... Bxc5 $6 19. dxc5 Rxc5 20. Qe1 $11) (18... g6 $14) 19. Nxa4 $16 Qa5 20. Nc5 $1 {[%cal Rc5b7]} Bxc5 21. dxc5 Rxc5 {[%cal Re8b5]} 22. Nd4 Rc3 {[#]} 23. a4 $1 {[%mdl 512]} Ra3 {[#]} (23... Nc8 $16 {might work better.}) (23... Qxa4 24. Ra1) 24. Bc2 (24. Qc2 $1 $18 Qb6 25. Rbc1) 24... Nc8 {[%cal Ba7c8,Bc8b6,Bb6c4][%mdl 32]} 25. Bb3 Nb6 26. Qb2 Rxa4 27. Bxa4 Qxa4 28. Ra1 Qc4 29. Qa3 Qc8 30. Rac1 Nc4 31. Qe7 b6 {[#] and if ...Qc5 works, Black does fine.} 32. e4 $1 $40 {[%cal Re4d5][%mdl 128] Black must now prevent exd5. White attacks with force.} Qc5 33. Qxc5 bxc5 34. Nc6 Nd2 (34... Bxc6 $142 35. bxc6 Rc8) 35. exd5 $18 ({But not} 35. Rxc5 $6 Nxf1 36. b6 (36. Kxf1 Bxc6 37. Rxc6 Ra8 $16) 36... Bxc6 $16) 35... Nxf1 36. Kxf1 {[%mdl 4096] Endgame KRB-KRN} f6 $2 (36... exd5 $16 37. Ne7+ (37. Rxc5 Bxc6 38. Rxc6 Ra8 $16) 37... Kh7) 37. d6 fxe5+ 38. Ke2 {Played: Kf1-e1} 1-0

[Event "KAZ Cup 2019"]
[Site "Almaty"]
[Date "2019.12.12"]
[Round "1.2"]
[White "Urazayev, Arystanbek"]
[Black "Babujian, Levon"]
[Result "0-1"]
[WhiteElo "2433"]
[BlackElo "2466"]
[Annotator "ChessBase"]
[PlyCount "102"]
[EventDate "2019.12.12"]
[EventType "tourn"]
[EventCountry "KAZ"]
[SourceTitle "playchess.com"]
[Source "ChessBase"]
[SourceQuality "1"]
[TimeControl "40/5400+30:1800+30"]

1. e4 {[%emt 0:00:00]} c5 {[%emt 0:00:00]} 2. Nf3 {[%emt 0:01:31]} e6 {[%emt 0:00:00]} 3. d4 {[%emt 0:01:01]} cxd4 {[%emt 0:00:00]} 4. Nxd4 {[%emt 0:00:05]} a6 {[%emt 0:00:03]} 5. Nc3 {[%emt 0:01:50]} d6 6. g4 {[%emt 0:07:20]} b5 {[%emt 0:02:08]} 7. a3 {[%emt 0:01:57]} Bb7 {[%emt 0:00:09]} 8. h4 {[%emt 0:02:24]} Nd7 {[%emt 0:01:05]} 9. g5 {[%emt 0:06:28]} Nc5 {[%emt 0:05:13]} 10. Bg2 {[%emt 0:04:27]} Ne7 {[%emt 0:02:10]} 11. Be3 {[%emt 0:09:07]} e5 {[%emt 0:01:48]} 12. Nde2 {[%emt 0:05:44]} Rc8 {[%emt 0:03:57]} 13. Ng3 {[%emt 0:08:02]} g6 {[%emt 0:00:58]} 14. h5 {[%emt 0:04:54]} Rg8 {[%emt 0:01:12]} 15. hxg6 {[%emt 0:04:02]} hxg6 {[%emt 0:00:05]} 16. Qd2 {[%emt 0:12:51]} Nf5 {[%emt 0:03:27]} 17. exf5 {[%emt 0:07:08]} Bxg2 {[%emt 0:00:06]} 18. Rh2 Bb7 {[%emt 0:02:15]} 19. Nd5 {[%emt 0:05:59]} Bxd5 {[%emt 0:01:17]} 20. Qxd5 {[%emt 0:00:12]} gxf5 {[%emt 0:00:13]} 21. Nxf5 {[%emt 0:03:37]} Qd7 {[%emt 0:00:39]} 22. Ng3 {[%emt 0:01:34]} Qe6 {[%emt 0:02:29]} 23. O-O-O {[%emt 0:02:25]} Be7 {[%emt 0:00:26]} 24. Rh5 {[%emt 0:05:01]} Kd7 {[%emt 0:09:23]} 25. Kb1 {[%emt 0:04:13]} Qxd5 {[%emt 0:00:36]} 26. Rxd5 {[%emt 0:00:06]} Ke6 {[%emt 0:00:08]} 27. Rd1 {[%emt 0:00:23]} d5 {[%emt 0:00:12]} 28. f4 {[%emt 0:00:59]} d4 {[%emt 0:05:32]} 29. Bc1 {[%emt 0:00:26]} Rcd8 {[%emt 0:12:27]} 30. fxe5 {[%emt 0:00:19]} d3 {[%emt 0:00:08]} 31. cxd3 {[%emt 0:00:35]} Rxd3 {[%emt 0:00:43]} 32. Rxd3 {[%emt 0:00:43]} Nxd3 {[%emt 0:00:06]} 33. Bd2 {[%emt 0:00:27]} Nxe5 {[%emt 0:00:32]} 34. Ne4 {[%emt 0:00:38]} Nf3 {[%emt 0:01:21]} 35. Bc1 {[%emt 0:00:25]} Kf5 {[%emt 0:00:43]} 36. Nc3 {[%emt 0:00:11]} Bxg5 {[%emt 0:00:56]} 37. Bxg5 {[%emt 0:00:13]} Rxg5 {[%emt 0:00:40]} 38. Rh8 {[%emt 0:00:21]} Rg2 {[%emt 0:00:47]} 39. Ra8 {[%emt 0:00:54]} Nd2+ {[%emt 0:00:10]} 40. Ka2 {[%emt 0:00:53]} Nc4 {[%emt 0:00:29]} 41. Rxa6 {[%emt 0:02:43]} Rxb2+ {[%emt 0:00:39]} 42. Ka1 {[%emt 0:00:04]} Rb3 {[%emt 0:00:51]} 43. Nb1 {[%emt 0:04:35]} Ke5 {[%emt 0:00:27]} 44. Ka2 {[%emt 0:04:57]} Rb2+ {[%emt 0:00:46]} 45. Ka1 {[%emt 0:00:06]} f5 {[%emt 0:02:07]} 46. Ra8 {[%emt 0:00:41]} f4 {[%emt 0:00:36]} 47. Re8+ {[%emt 0:01:16]} Kd4 {[%emt 0:01:26]} 48. Rd8+ {[%emt 0:00:56]} Ke3 {[%emt 0:00:19]} 49. Nc3 {[%emt 0:02:55]} Rb3 {[%emt 0:00:24]} 50. Re8+ {[%emt 0:04:40]} Kd2 {[%emt 0:01:12]} 51. Nd5 {[%emt 0:03:25]} f3 {[%emt 0:00:39]} 0-1

[Event "KAZ Cup 2019"]
[Site "Almaty"]
[Date "2019.12.12"]
[Round "1.3"]
[White "Makhnev, Denis"]
[Black "Rakhimzhan, Alen"]
[Result "*"]
[WhiteElo "2476"]
[BlackElo "2354"]
[Annotator "TA"]
[PlyCount "41"]
[EventDate "2019.12.12"]
[EventType "tourn"]
[EventCountry "KAZ"]
[SourceTitle "playchess.com"]
[Source "ChessBase"]
[SourceQuality "1"]

{[%evp 14,27,28,9,16,14,23,16,25,19,33,15,23,17,20,16]} 1. d4 Nf6 2. c4 e6 3. g3 d5 4. Bg2 Be7 5. Nf3 O-O 6. O-O c6 7. Qc2 b6 8. Bf4 Ba6 {E06: Closed Catalan: Early deviations} 9. cxd5 cxd5 10. Rc1 Nbd7 11. Nc3 Nh5 12. Qa4 Nxf4 13. Qxa6 Nxg2 14. Kxg2 {[#]} {Predecessor:} Qc8 $146 15. Qxc8 Rfxc8 16. Nb5 g5 17. Nc7 Rab8 18. Na6 Ra8 19. Nc7 Rab8 20. Na6 Ra8 21. Nc7 {½-½ (22) Tkachiev,V (2632)-Vitiugov,N (2709) Khanty-Mansiysk 2010} *

[Event "KAZ Cup 2019"]
[Site "Almaty"]
[Date "2019.12.12"]
[Round "1.3"]
[White "Makhnev, Denis"]
[Black "Rakhimzhan, Alen"]
[Result "1-0"]
[WhiteElo "2476"]
[BlackElo "2354"]
[Annotator "ChessBase"]
[PlyCount "115"]
[EventDate "2019.12.12"]
[EventType "tourn"]
[EventCountry "KAZ"]
[SourceTitle "playchess.com"]
[Source "ChessBase"]
[SourceQuality "1"]
[TimeControl "40/5400+30:1800+30"]

1. d4 {[%emt 0:02:22]} Nf6 {[%emt 0:00:00]} 2. c4 {[%emt 0:00:10]} e6 {[%emt 0:00:00]} 3. g3 {[%emt 0:00:07]} d5 {[%emt 0:00:05]} 4. Bg2 {[%emt 0:00:14]} Be7 {[%emt 0:00:09]} 5. Nf3 {[%emt 0:00:07]} O-O {[%emt 0:00:09]} 6. O-O {[%emt 0:00:06]} c6 {[%emt 0:00:07]} 7. Qc2 {[%emt 0:00:16]} b6 {[%emt 0:00:09]} 8. Bf4 {[%emt 0:00:13]} Ba6 {[%emt 0:02:51]} 9. cxd5 {[%emt 0:00:09]} cxd5 {[%emt 0:00:32]} 10. Rc1 Nbd7 {[%emt 0:05:49]} 11. Nc3 {[%emt 0:00:21]} Nh5 {[%emt 0:04:25]} 12. Qa4 {[%emt 0:00:08]} Nxf4 {[%emt 0:03:16]} 13. Qxa6 {[%emt 0:00:07]} Nxg2 {[%emt 0:00:18]} 14. Kxg2 Qc8 {[%emt 0:58:17]} 15. Qxc8 {[%emt 0:00:17]} Rfxc8 {[%emt 0:04:36]} 16. Nb5 {[%emt 0:00:09]} Bf8 {[%emt 0:01:30]} 17. Nc7 {[%emt 0:20:49]} Rab8 {[%emt 0:00:20]} 18. Rc2 {[%emt 0:13:44]} Nc5 {[%emt 0:10:48]} 19. Nxd5 {[%emt 0:01:41]} exd5 {[%emt 0:01:14]} 20. dxc5 {[%emt 0:00:07]} bxc5 {[%emt 0:00:10]} 21. Rd1 {[%emt 0:00:29]} d4 {[%emt 0:00:49]} 22. Ne5 {[%emt 0:01:35]} Re8 {[%emt 0:02:00]} 23. Nd3 {[%emt 0:01:34]} g6 {[%emt 0:01:23]} 24. Kf1 {[%emt 0:01:03]} Re6 {[%emt 0:00:53]} 25. b3 {[%emt 0:02:42]} Ra6 {[%emt 0:00:48]} 26. Rdd2 {[%emt 0:00:50]} Rb5 {[%emt 0:00:45]} 27. Ke1 {[%emt 0:08:25]} f6 {[%emt 0:01:04]} 28. Kd1 {[%emt 0:06:02]} Kf7 {[%emt 0:00:33]} 29. Rc4 {[%emt 0:04:21]} Rba5 {[%emt 0:00:27]} 30. a4 {[%emt 0:00:20]} Rb6 {[%emt 0:00:22]} 31. Kc2 {[%emt 0:00:09]} Re6 {[%emt 0:00:47]} 32. Kb2 {[%emt 0:01:16]} Rb6 {[%emt 0:00:49]} 33. Rdc2 {[%emt 0:00:28]} Re6 {[%emt 0:00:16]} 34. Kc1 {[%emt 0:01:42]} h5 {[%emt 0:00:41]} 35. Kd2 {[%emt 0:02:08]} Rb6 {[%emt 0:00:31]} 36. Nxc5 {[%emt 0:00:12]} Bxc5 {[%emt 0:00:17]} 37. Rxc5 {[%emt 0:00:07]} Rxc5 {[%emt 0:00:16]} 38. Rxc5 {[%emt 0:00:07]} Rxb3 {[%emt 0:00:07]} 39. Rc7+ {[%emt 0:06:25]} Ke6 {[%emt 0:00:08]} 40. Rxa7 {[%emt 0:00:04]} Ra3 {[%emt 0:01:31]} 41. a5 {[%emt 0:38:09]} Kd5 {[%emt 0:24:31]} 42. a6 {[%emt 0:00:00]} Ra2+ {[%emt 0:00:41]} 43. Kd3 {[%emt 0:00:00]} Ra3+ {[%emt 0:00:07]} 44. Kc2 {[%emt 0:00:00]} Ra2+ {[%emt 0:00:13]} 45. Kb3 {[%emt 0:00:00]} Rxe2 {[%emt 0:01:01]} 46. Rd7+ {[%emt 0:00:00]} Kc5 {[%emt 0:03:36]} 47. a7 {[%emt 0:00:00]} Re8 {[%emt 0:00:42]} 48. Rg7 {[%emt 0:00:00]} g5 {[%emt 0:03:23]} 49. Rb7 {[%emt 0:00:00]} Ra8 {[%emt 0:00:16]} 50. Kc2 {[%emt 0:00:00]} Kc6 {[%emt 0:00:31]} 51. Rf7 {[%emt 0:00:00]} Kd5 {[%emt 0:00:39]} 52. Kd3 {[%emt 0:00:00]} g4 {[%emt 0:00:35]} 53. Rh7 {[%emt 0:00:00]} f5 {[%emt 0:00:19]} 54. Rf7 Ke6 {[%emt 0:00:40]} 55. Rb7 {[%emt 0:00:00]} f4 {[%emt 0:00:31]} 56. Kxd4 {[%emt 0:00:00]} h4 {[%emt 0:00:23]} 57. gxh4 {[%emt 0:00:00]} f3 {[%emt 0:00:23]} 58. Ke4 {Kd5+} 1-0

[Event "KAZ Cup 2019"]
[Site "Almaty"]
[Date "2019.12.12"]
[Round "1.4"]
[White "Turov, Maxim"]
[Black "Utegaliyev, Azamat"]
[Result "1/2-1/2"]
[WhiteElo "2574"]
[BlackElo "2502"]
[Annotator "TA"]
[PlyCount "135"]
[EventDate "2019.12.12"]
[EventType "tourn"]
[EventCountry "KAZ"]
[SourceTitle "playchess.com"]
[Source "ChessBase"]
[SourceQuality "1"]

{[%evp 12,135,36,31,32,35,20,14,41,25,43,37,39,33,44,32,54,27,52,51,53,56,64,37,52,52,67,53,66,47,64,41,51,50,48,29,60,45,47,41,47,38,43,39,40,37,41,62,104,0,0,0,0,13,145,149,140,145,166,39,83,77,80,0,0,-6,0,-8,0,0,0,0,7,0,0,0,0,0,0,0,0,0,0,0,0,0,0,0,0,0,0,0,0,0,0,0,0,0,0,0,0,0,0,0,0,0,0,0,0,0,0,0,0,0,0,0,0,0,0,0,0,0,0,0,0,0]} 1. d4 Nf6 2. Nf3 g6 3. g3 Bg7 4. Bg2 O-O 5. O-O d6 6. Re1 Nc6 7. d5 Nb4 {A49: 1 d4 Nf6 2 Nf3 g6 3 g3: Anti-King's Indian systems} (7... Nb8 8. c4 a5 9. Nc3 Na6 10. e4 Bg4 11. h3 Bxf3 12. Bxf3 Nd7 13. Be3 c6 14. Bg2 Nac5 15. Qe2 {0-1 (35) Paravyan,D (2634)-Andreikin,D (2719) St Petersburg 2018}) 8. e4 a5 9. Nc3 Bg4 $146 ({Predecessor:} 9... e5 10. h3 Ne8 11. a3 Na6 12. Bg5 f6 13. Be3 f5 14. Qd2 Bd7 15. exf5 gxf5 {1-0 (36) Hevia Alejano,C (2308)-Ossa,O (2242) Havana 2008}) 10. Bg5 Nd7 11. a3 Na6 12. Qd2 Bxf3 13. Bxf3 c6 14. Bh6 Ne5 15. Be2 Bxh6 16. Qxh6 Qb6 17. Qd2 Nc7 18. Kg2 Ne8 19. f4 Nd7 20. Rab1 Qc7 21. Bf3 Ng7 22. Rbd1 Rad8 23. Ne2 {[%cal Bc3e2,Be2d4,Bd4b3,Bb3d2,Bd2c4,Bc4d6][%mdl 32]} Nc5 24. Nd4 e5 25. dxe6 Ncxe6 26. Qc3 Rfe8 27. Nb3 $36 {[%mdl 2048] White is pushing.} a4 28. Nd2 h5 29. Nc4 g5 30. e5 ({Better is} 30. f5 $16 b5 31. Nd2 (31. fxe6 bxc4 32. exf7+ Qxf7 $16)) 30... dxe5 $11 31. fxe5 g4 $1 {[%cal Rg4f3]} 32. Be4 {White wants to play Nd6.} Qe7 (32... Rxd1 $11 33. Rxd1 Ng5) 33. Nd6 $16 Rf8 {[#]} 34. Rf1 $1 Ne8 {[%cal Re8d6]} 35. Qe3 ({White should play} 35. Nf5 $18 Qg5 36. Rxd8 Qxd8 37. Qb4) 35... Nxd6 36. exd6 Qg5 37. Qxg5+ (37. Qf2 $16) 37... Nxg5 $11 {The position is equal.} 38. Bf5 Rfe8 39. d7 Re7 40. Rd4 Kg7 41. Rxa4 Ne6 42. Bxe6 fxe6 {[%mdl 4096] Endgame KRR-KRR} 43. Ra5 Kg6 44. Re5 Rdxd7 45. c4 Rd4 46. h4 gxh3+ 47. Kxh3 Rxc4 48. Rfe1 Rc2 49. b4 Rc3 50. Rxe6+ Rxe6 51. Rxe6+ {KR-KR} Kf5 52. Re7 b5 53. Rh7 Rxa3 54. Rxh5+ Ke6 55. Rh6+ Kd5 56. Rh5+ $1 Kd6 57. Rh6+ Kc7 58. Rf6 Rc3 59. Kg4 c5 60. bxc5 Rxc5 61. Kf4 b4 {[%cal Bb5b4,Bb4b3][%mdl 32] [#] Hoping for ...b3.} 62. Ke3 b3 63. Rf1 (63. Rf2 {with more complications.}) 63... Kc6 64. Rb1 Rc3+ 65. Kd4 Rxg3 {And now ...Kb5 would win.} 66. Kc4 Kb6 67. Rxb3+ Rxb3 68. Kxb3 {Accuracy: White = 65%, Black = 53%.} 1/2-1/2

[Event "KAZ Cup 2019"]
[Site "Almaty"]
[Date "2019.12.12"]
[Round "1.5"]
[White "Igambergenov, Alibek"]
[Black "Stupak, Kirill"]
[Result "1/2-1/2"]
[WhiteElo "2410"]
[BlackElo "2529"]
[Annotator "TA"]
[PlyCount "150"]
[EventDate "2019.12.12"]
[EventType "tourn"]
[EventCountry "KAZ"]
[SourceTitle "playchess.com"]
[Source "ChessBase"]
[SourceQuality "1"]

{[%evp 15,150,6,0,-16,-13,-34,-48,-41,-44,-22,-47,-44,-39,-104,-101,-114,-106,-129,-138,-128,-126,-114,-103,-103,-84,-98,-93,-87,-78,-96,-79,-133,-131,-137,-76,-66,0,0,0,-76,-22,-119,-114,-105,-81,-93,-104,-87,-62,-205,-83,-95,0,0,0,0,107,51,137,128,156,151,207,218,206,216,243,242,245,217,239,224,198,213,351,302,472,470,554,210,206,0,344,344,664,629,805,770,1052,1071,637,739,825,614,614,614,579,546,518,0,0,0,0,0,0,0,0,0,0,0,0,0,0,0,0,0,0,0,0,0,0,0,0,0,0,0,0,0,0,0,0,0,0,0,0,0,0]} 1. Nf3 d5 2. e3 c5 3. c4 d4 4. exd4 cxd4 5. d3 Nc6 6. g3 Nf6 7. Bg2 g6 8. O-O Bg7 9. Na3 {A09: Réti Opening: 1 Nf3 d5 2 c4} (9. Re1 O-O 10. a3 a5 11. Nbd2 Bf5 12. Qc2 Re8 13. Ne5 Nxe5 14. Rxe5 Nd7 15. Rb5 b6 16. Ne4 Qc7 {½-½ (51) Giri,A (2779)-Caruana,F (2819) Paris 2019}) 9... O-O 10. Bg5 $146 ({Predecessor:} 10. Nc2 a5 11. a3 Nd7 12. Rb1 a4 13. Bd2 Nc5 14. Bb4 Qb6 15. Bxc5 Qxc5 16. b4 axb3 17. Rxb3 {0-1 (50) Pantsulaia,L (2612)-Sethuraman,S (2646) Riadh 2017}) 10... Nd7 11. Qd2 {Black is slightly better.} a5 12. Bh6 Nc5 13. Bxg7 Kxg7 14. Rfe1 (14. Nh4 $15) 14... f6 $17 15. Nc2 e5 16. Rab1 Bf5 17. Bf1 Qd6 18. b3 g5 19. a3 Rf7 20. b4 Na4 $1 21. Qc1 Nc3 22. Rb2 b6 {[#]} 23. bxa5 (23. Ne3 $142 $1 {[%mdl 512]} Be6 (23... dxe3 24. Qxc3) 24. Nc2) 23... bxa5 24. Rb6 Bd7 (24... Rc8 $142 25. Qd2 Qc5) 25. Bg2 Rb8 ({Black should try} 25... Na4 $15 26. Rb5 Nc5) 26. Rxb8 $11 Qxb8 {[#]} 27. Nd2 (27. Nxg5 $1 $11 {[%mdl 512]} fxg5 28. Qxg5+ Kh8 29. Bxc6 Bxc6 30. Rxe5) 27... Qd6 (27... Nd8 $17 28. Ne4 Nxe4 29. Bxe4 Bc6 30. Bxc6 Nxc6) 28. Qb2 (28. Ne4 $11 Nxe4 29. Bxe4) 28... Rf8 29. Ne4 Nxe4 30. Bxe4 Rb8 31. Qa2 Nd8 32. f4 (32. Rb1 $1 $15) 32... exf4 (32... gxf4 $19 {has better winning chances.} 33. gxf4 Ne6 34. fxe5 fxe5) 33. gxf4 $17 f5 ({Of course not} 33... Qxf4 $6 34. Nxd4 Nb7 35. Rf1 $11) (33... gxf4 $17 {...Ne6 is the strong threat.} 34. Qa1 Ne6) 34. Bd5 $36 {[%mdl 2048] White fights for an advantage.} Qxf4 35. Qa1 ({Don't blunder} 35. Re7+ $2 Kf6 $17) 35... Kg6 (35... Qg4+ $11 {remains equal.} 36. Kf2 Qh4+ 37. Kg1 Qg4+ 38. Kf2 Qh4+ 39. Kg1 Qg4+) 36. Qxd4 (36. Nxd4 $16 {And now Re7 would win.} Rb6 37. Qc3) 36... Qxd4+ ({Black should play} 36... Qc7 $1 $14) 37. Nxd4 $16 Kf6 38. c5 Ba4 (38... Rc8 $16) 39. c6 $18 Rc8 40. Re8 g4 {[#]} 41. Bc4 $1 Nxc6 42. Rxc8 Nxd4 {[%mdl 4096] Endgame KRB-KBN} 43. Rc5 h5 44. Rxa5 Bc6 (44... Bd1 $142 45. Ra6+ Ke5) 45. Bd5 Bb5 (45... Bd7 {keeps fighting.} 46. Kf2 f4) 46. Kf2 f4 47. Bc4 $2 (47. Be4) 47... Be8 48. Bd5 $2 ({Better is} 48. Ra6+ $18 Kg5 49. Ra8) 48... h4 $2 {[%mdl 8192]} (48... Bb5 $11) 49. Be4 Bf7 $2 (49... Ne6 50. a4 Ke7 51. Ra7+ Kd6) 50. Rc5 Bb3 {[#]} 51. a4 $1 g3+ (51... Bxa4 52. Rc4) 52. hxg3 fxg3+ 53. Kg2 Ne2 54. Kh3 Bxa4 {and the idea ...Nf4+ leaves Black hopeful.} 55. Kxh4 Bd7 56. Rc2 Nd4 57. Rg2 $2 (57. Rb2 $18) 57... Bf5 $11 {The position is equal.} 58. Rxg3 {Hoping for Re3.} (58. Bb7 {looks sharper.} Bxd3 59. Bc8 Nf5+ 60. Kh5 Nd6 61. Bd7) 58... Bxe4 59. dxe4 {Strongly threatening Rg4. KR-KN} Ke5 60. Rg4 Nf3+ 61. Kg3 Nd2 62. Kf2 {Black must now prevent Ke3.} Nxe4+ 63. Ke3 Nd6 64. Rg5+ Ke6 65. Kd4 Nf5+ 66. Ke4 {Rg6+ would kill now.} Nd6+ 67. Kf4 Nf7 68. Ra5 Nd6 69. Re5+ Kf6 70. Re1 (70. Rg5 {is more complex.}) 70... Nf7 71. Ra1 Nd6 72. Ke3 Ke5 73. Ra5+ Ke6 74. Rh5 Nf5+ 75. Rxf5 Kxf5 {Accuracy: White = 51%, Black = 51%.} 1/2-1/2

[Event "KAZ Cup 2019"]
[Site "Almaty"]
[Date "2019.12.13"]
[Round "2.1"]
[White "Kostenko, Petr"]
[Black "Stupak, Kirill"]
[Result "0-1"]
[WhiteElo "2467"]
[BlackElo "2529"]
[Annotator "TA"]
[PlyCount "128"]
[EventDate "2019.12.12"]
[EventType "tourn"]
[EventCountry "KAZ"]
[SourceTitle "playchess.com"]
[Source "ChessBase"]
[SourceQuality "1"]

{[%evp 12,128,8,19,14,-9,-4,-10,0,14,11,-2,8,0,-7,-9,-4,-39,-43,-57,-43,-56,-44,-62,-79,-109,-102,-95,-83,-178,-183,-186,-181,-197,-148,-187,-137,-160,-130,-147,-120,-120,-113,-112,-114,-129,-8,-7,0,0,0,0,0,-12,0,-18,-26,-20,-32,-23,-23,-135,-127,-88,-30,-47,-48,-122,-122,-122,-125,-125,-8,-20,-8,-8,-8,-8,-8,-8,-8,-8,0,0,0,-8,-8,-8,-8,-8,-8,-8,0,-8,0,-8,-8,-8,0,-8,-8,-8,-8,-29959,-29963,-29963,-29965,-29962,-29967,-29971,-29972,-29975,-29971,-29971,-29972,-29970,-29971,-29968,0]} 1. e4 e6 2. d4 d5 3. Nc3 Bb4 4. e5 c5 5. a3 Ba5 6. b4 cxd4 7. Qg4 Kf8 {C18: French: 3 Nc3 Bb4: Main line: 7 h4 and 7 Qg4} 8. bxa5 (8. Nb5 Bb6 9. Nf3 Nc6 10. Bb2 Nge7 11. Bd3 Ng6 12. Qg3 f6 13. Bxg6 hxg6 14. Nbxd4 Nxe5 15. Nxe5 fxe5 {½-½ (24) Grischuk,A (2766)-Mamedyarov,S (2801) Saint Louis 2018}) 8... dxc3 9. Qb4+ Ne7 {The position is equal.} 10. Qxc3 Nbc6 11. a6 d4 $146 ({Predecessor:} 11... bxa6 12. Nf3 Rb8 13. Be3 Qa5 14. Qxa5 Nxa5 15. Bxa7 {0-1 (64) Yagupov,I (2405)-Becker,M (2254) Prague 2018}) 12. axb7 Bxb7 (12... dxc3 $2 {loses.} 13. bxa8=Q Qd5 14. Nf3 $18) 13. Qc5 Rc8 {Strongly threatening ...d3!} 14. Bd2 {[#]} d3 $1 {[%mdl 512]} 15. Nf3 $1 (15. cxd3 Nd4) 15... dxc2 {...Na5 is the strong threat.} 16. Rc1 Nb8 17. Qd4 Bd5 18. Bc3 Nbc6 $36 {[%mdl 2048] Black is in control.} 19. Qd2 Be4 20. Nd4 (20. Ba6 $17 Rb8 21. Qe2) 20... Nxd4 $19 ({Resist} 20... Nxe5 21. Nxc2 Nd3+ 22. Bxd3 $17) 21. Qxd4 Qxd4 22. Bxd4 Nd5 23. h4 {Hoping for f3.} Bf5 24. Ba6 Rc7 {Threatens to win with ...Ke7.} 25. Kd2 h5 26. Bd3 Bxd3 27. Kxd3 Nf4+ 28. Kd2 Rc4 (28... Nxg2 $17 {Black wants to play ...Rd7.} 29. Rxc2 Rxc2+ 30. Kxc2 a6) 29. Rxc2 $11 Rxd4+ 30. Ke3 Rd3+ 31. Kxf4 {[%mdl 4096] Endgame And now Rc8+ would win. KRR-KRR} Kg8 32. Rc7 Rxa3 33. Rd1 Rh6 34. f3 Rg6 35. Rd8+ Kh7 36. Rd2 (36. Rxf7 $11 {remains equal.} Ra4+ 37. Ke3) 36... Ra4+ $17 37. Ke3 a5 ({Black should try} 37... Rxh4 $17 38. Rxf7 Rh2) 38. Rxf7 Rxh4 39. Rf4 (39. Kf2 $1 $15) 39... Rh2 40. g4 Rxd2 41. Kxd2 {KR-KR} Kh6 ({Black should play} 41... Rh6 $17 42. Ra4 h4 43. Rxa5 h3) 42. Ra4 hxg4 43. fxg4 Kg5 44. Ke3 Rh6 45. Rxa5 Kxg4 46. Ra7 Rh3+ 47. Ke4 g5 {aiming for ...Rf3.} 48. Rf7 Ra3 49. Rf6 Ra6 50. Kd4 Rc6 51. Rf8 Kh3 52. Rh8+ Kg4 53. Rf8 Kg3 54. Rd8 Rc1 {( -> ...Rd1+)} (54... Kf4 {is interesting.} 55. Rd6 Rc1 56. Rxe6 Rd1+ 57. Kc4 Ke4) 55. Rd6 Kf4 {White must now prevent ...Rd1+.} 56. Rxe6 Rd1+ 57. Kc5 $2 {[%mdl 8192] [#]} (57. Kc4 $11) 57... Ke4 $1 {Black mates.} 58. Kc4 Rd5 59. Re8 Rxe5 60. Rf8 g4 61. Kc3 Rd5 62. Kc4 Rd7 63. Rg8 Rc7+ 64. Kb3 Ke5 $2 {[%mdl 32768] Accuracy: White = 46%, Black = 55%. . Sensor Board Error (Ke4/e5)?} (64... Kf3 {mates} 65. Rg6 g3 66. Rf6+ Kg2 67. Rh6 Rg7 68. Kc4 Kf3 69. Rh1 Rg5 70. Rf1+ Ke2 71. Rg1 Kf2 72. Ra1 g2 73. Ra2+ Ke3 74. Rxg2 Rxg2 75. Kd5 Rg5+ 76. Kd6 Ke4 77. Ke6 Rd5 78. Kf6 Re5 79. Kg6 Rf5 80. Kg7 Kf4 81. Kh6 Rf6+ 82. Kh7 Kg5 83. Kg7 Rf3 84. Kh8 Kh6 85. Kg8 Kg6 86. Kh8 Rf8#) 0-1

[Event "KAZ Cup 2019"]
[Site "Almaty"]
[Date "2019.12.13"]
[Round "2.2"]
[White "Utegaliyev, Azamat"]
[Black "Igambergenov, Alibek"]
[Result "1/2-1/2"]
[WhiteElo "2502"]
[BlackElo "2410"]
[Annotator "TA"]
[PlyCount "32"]
[EventDate "2019.12.12"]
[EventType "tourn"]
[EventCountry "KAZ"]
[SourceTitle "playchess.com"]
[Source "ChessBase"]
[SourceQuality "1"]

{[%evp 10,32,0,-5,5,0,10,0,0,-25,-6,-41,-25,-34,-17,-9,0,0,0,-2,3,0,0,-42,-51]} 1. e4 e6 2. d4 d5 3. Bd3 dxe4 4. Bxe4 Nf6 5. Bf3 c5 6. Ne2 Nc6 {[%cal Rc5d4] C01: French: Exchange Variation} 7. Be3 cxd4 8. Nxd4 Ne5 {The position is equal.} 9. Be2 (9. Nc3 Bb4 10. Ndb5 Bd7 11. a3 Bxc3+ 12. Nxc3 Nxf3+ 13. Qxf3 Qc7 14. Bf4 Qc6 {½-½ (14) Alekseev,E (2635)-Stupak,K (2561) St Petersburg 2019}) 9... a6 (9... Bb4+ {looks sharper.} 10. c3 Be7 11. Nd2 O-O 12. O-O Ng6) 10. O-O Bd6 11. c4 O-O 12. Nc3 h6 $146 ({Predecessor:} 12... Qe7 13. h3 Rd8 14. Qc2 {0-1 (28) Nuevo Perez,A (2115)-Sanchez Jimenez,J (2227) Dos Hermanas 2019}) 13. h3 Qe7 14. a3 Rd8 15. Qc2 Qc7 16. b3 b6 {Accuracy: White = 67%, Black = 53%.} 1/2-1/2